Buscando oportunidades de conservación a nivel de paisaje en un bosque subandino de la cordillera central de los Andes colombianos (Registro nro. 5884)

Detalles MARC
000 -CABECERA
Campo de control 01724nam a2200337 a 4500
005 - FECHA Y HORA DE LA ULTIMA TRANSACCION
Campo de control 20180803165321.0
008 - ELEMENTOS DE LONGITUD FIJA—INFORMACION GENERAL
Campo de control 140127b ck ||||| |||| 00| 0 spa d
040 ## - FUENTE DE CATALOGACIÓN
Agencia transcriptora CO-BoIH
041 ## - IDIOMA
Código de idioma para texto/pista de sonido o título separado Español
090 ## - CLASIFICACIÓN LOCAL
Colección IAVH
Consecutivo 00658
100 ## - ASIENTO PRINCIPAL--NOMBRE PERSONAL
Nombre personal Caycedo Rosales, Paula
245 ## - MENCION DE TITULO
Título Buscando oportunidades de conservación a nivel de paisaje en un bosque subandino de la cordillera central de los Andes colombianos
260 ## - PUBLICACION, DISTRIBUCION, ETC. (PIE DE IMPRENTA)
Lugar de publicación, distribución, etc. Bogotá
Nombre del editor, distribuidor, etc. Instituto Alexander von Humboldt
Fecha de publicación, distribución, etc. 200?
300 ## - DESCRIPCION FISICA
Extensión 53 p.
520 ## - NOTA DE RESUMEN, ETC.
Nota de resumen Mediante el uso de tres grupos indicadores (aves, plantas y hormigas) se evaluaron los patrones de diversidad en un paisaje rural ganadero en la ecoregión de bosques subandinos de la vertiente occidentan de la Cordillera Central de los Andes colombianos y se identificaron los elementos en el paisaje con mayor potencial de conservación, teniendo en cuenta la riqueza de especies (diversidad alfa), el recambio (diversidad beta) y la presencia de especies de interés para la conservación, con el fin de dar una base teórica biológica para la planeación de mejoramiento, preservación y aumento de conectiviadad de los remanentes de bosque nativo en el paisaje.
650 ## - ASIENTO SECUNDARIO DE MATERIA - TERMINO TEMATICO
Término temático o nombre geográfico como elemento de entrada Biodiversidad
650 ## - ASIENTO SECUNDARIO DE MATERIA - TERMINO TEMATICO
Término temático o nombre geográfico como elemento de entrada Conservación
650 ## - ASIENTO SECUNDARIO DE MATERIA - TERMINO TEMATICO
Término temático o nombre geográfico como elemento de entrada Paisajes rurales
650 ## - ASIENTO SECUNDARIO DE MATERIA - TERMINO TEMATICO
Término temático o nombre geográfico como elemento de entrada Comunidades
650 ## - ASIENTO SECUNDARIO DE MATERIA - TERMINO TEMATICO
Término temático o nombre geográfico como elemento de entrada Biodindicadores
650 ## - ASIENTO SECUNDARIO DE MATERIA - TERMINO TEMATICO
Término temático o nombre geográfico como elemento de entrada Aves
650 ## - ASIENTO SECUNDARIO DE MATERIA - TERMINO TEMATICO
Término temático o nombre geográfico como elemento de entrada Hormigas
650 ## - ASIENTO SECUNDARIO DE MATERIA - TERMINO TEMATICO
Término temático o nombre geográfico como elemento de entrada Plantas
650 ## - ASIENTO SECUNDARIO DE MATERIA - TERMINO TEMATICO
Término temático o nombre geográfico como elemento de entrada Bosque subandino
662 ## - ASIENTO SECUNDARIO DE MATERIA - JERARQUIA DEL NOMBRE DE LUGAR(
País o entidad mayor Colombia
Ciudad Aranzazu
Jurisdicción política de primer orden Caldas
662 ## - ASIENTO SECUNDARIO DE MATERIA - JERARQUIA DEL NOMBRE DE LUGAR(
País o entidad mayor Colombia
Ciudad Salamina
Jurisdicción política de primer orden Caldas
700 ## - ASIENTO SECUNDARIO - NOMBRE PERSONAL
Nombre personal Jiménez, Elizabeth
700 ## - ASIENTO SECUNDARIO - NOMBRE PERSONAL
Nombre personal Lozano, Fabio
700 ## - ASIENTO SECUNDARIO - NOMBRE PERSONAL
Nombre personal Mendoza, Javier Eduardo
942 ## - ELEMENTOS ADICIONALES (KOHA)
Sistema de clasificación Local
Tipo de ítem Informe Técnico
Existencias
Withdrawn status Lost status Sistema de Clasificación Damaged status No para préstamo Colección Inventariado Ubicación Permanente Ubicación actual Fecha de adquisición Total Checkouts Número topográfico Inventario / Código de Barras Date last seen Ejemplar Price effective from Forma de adquisición Tipo de material
    Local     Humboldt Inventariado 2017 Villa de Leyva Villa de Leyva 07/11/2007   IAVH-00658 022442 09/08/2024 Ej. 2 04/12/2012   Informe Técnico